<?xml version="1.0" encoding="UTF-8"?>
<record
    xmlns:xsi="http://www.w3.org/2001/XMLSchema-instance"
    xsi:schemaLocation="http://www.loc.gov/MARC21/slim http://www.loc.gov/standards/marcxml/schema/MARC21slim.xsd"
    xmlns="http://www.loc.gov/MARC21/slim">

  <leader>00662nam a22001577a 4500</leader>
  <controlfield tag="003">OSt</controlfield>
  <controlfield tag="005">20161031132842.0</controlfield>
  <controlfield tag="008">161031b        xxu||||| |||| 00| 0 eng d</controlfield>
  <datafield tag="040" ind1=" " ind2=" ">
    <subfield code="c">RUA</subfield>
  </datafield>
  <datafield tag="082" ind1=" " ind2=" ">
    <subfield code="a">VEM TUO 2015 B525 Or.1</subfield>
  </datafield>
  <datafield tag="100" ind1=" " ind2=" ">
    <subfield code="9">11018</subfield>
    <subfield code="a">TUON SREYYET; &#x1791;&#x17BD;&#x1793; &#x179F;&#x17D2;&#x179A;&#x17B8;&#x1799;&#x17C9;&#x17C1;&#x178F;</subfield>
  </datafield>
  <datafield tag="245" ind1=" " ind2=" ">
    <subfield code="a">Study on gastro intestinal parasites in cattle, in treang district, takeo province; &#x1780;&#x17B6;&#x179A;&#x179F;&#x17B7;&#x1780;&#x17D2;&#x179F;&#x17B6;&#x1796;&#x17B8;&#x1794;&#x179A;&#x17B6;&#x179F;&#x17B7;&#x178F;&#x1793;&#x17C5;&#x1780;&#x17D2;&#x1793;&#x17BB;&#x1784;&#x1780;&#x17D2;&#x179A;&#x1796;&#x17C7;&#x1796;&#x17C4;&#x17C7;&#x179C;&#x17C0;&#x1793; &#x1793;&#x17C5;&#x179F;&#x17D2;&#x179A;&#x17BB;&#x1780;&#x1791;&#x17D2;&#x179A;&#x17B6;&#x17C6;&#x1784; &#x1781;&#x17C1;&#x178F;&#x17D2;&#x178F;&#x178F;&#x17B6;&#x1780;&#x17C2;&#x179C;</subfield>
  </datafield>
  <datafield tag="260" ind1=" " ind2=" ">
    <subfield code="a">Phnom Penh</subfield>
    <subfield code="b">RUA</subfield>
    <subfield code="c">2015</subfield>
  </datafield>
  <datafield tag="300" ind1=" " ind2=" ">
    <subfield code="a">ix; 36p;</subfield>
    <subfield code="b">ill;</subfield>
    <subfield code="c">29cm;</subfield>
  </datafield>
  <datafield tag="942" ind1=" " ind2=" ">
    <subfield code="2">ddc</subfield>
    <subfield code="c">VEM</subfield>
  </datafield>
  <datafield tag="999" ind1=" " ind2=" ">
    <subfield code="c">10601</subfield>
    <subfield code="d">10601</subfield>
  </datafield>
  <datafield tag="952" ind1=" " ind2=" ">
    <subfield code="0">0</subfield>
    <subfield code="1">0</subfield>
    <subfield code="2">ddc</subfield>
    <subfield code="4">0</subfield>
    <subfield code="6">VEM_TUO_2015_000000000000000_B525_OR_1</subfield>
    <subfield code="7">0</subfield>
    <subfield code="9">54901</subfield>
    <subfield code="a">LBB</subfield>
    <subfield code="b">LBB</subfield>
    <subfield code="c">B525</subfield>
    <subfield code="d">2016-10-31</subfield>
    <subfield code="o">VEM TUO 2015 B525 Or.1</subfield>
    <subfield code="p">A00930</subfield>
    <subfield code="r">2016-10-31</subfield>
    <subfield code="w">2016-10-31</subfield>
    <subfield code="y">VEM</subfield>
  </datafield>
  <datafield tag="952" ind1=" " ind2=" ">
    <subfield code="0">0</subfield>
    <subfield code="1">0</subfield>
    <subfield code="2">ddc</subfield>
    <subfield code="4">0</subfield>
    <subfield code="6">VEM_TUO_2015_000000000000000_B525_OR_2</subfield>
    <subfield code="7">0</subfield>
    <subfield code="9">54902</subfield>
    <subfield code="a">LBB</subfield>
    <subfield code="b">LBB</subfield>
    <subfield code="c">B525</subfield>
    <subfield code="d">2016-10-31</subfield>
    <subfield code="o">VEM TUO 2015 B525 Or.2</subfield>
    <subfield code="p">A01442</subfield>
    <subfield code="r">2016-10-31</subfield>
    <subfield code="w">2016-10-31</subfield>
    <subfield code="y">VEM</subfield>
  </datafield>
  <datafield tag="952" ind1=" " ind2=" ">
    <subfield code="0">0</subfield>
    <subfield code="1">0</subfield>
    <subfield code="2">ddc</subfield>
    <subfield code="4">0</subfield>
    <subfield code="6">VEM_TUO_2015_000000000000000_B525_OR_3</subfield>
    <subfield code="7">0</subfield>
    <subfield code="9">54903</subfield>
    <subfield code="a">LBB</subfield>
    <subfield code="b">LBB</subfield>
    <subfield code="c">B525</subfield>
    <subfield code="d">2016-10-31</subfield>
    <subfield code="o">VEM TUO 2015 B525 Or.3</subfield>
    <subfield code="p">A00288</subfield>
    <subfield code="r">2016-10-31</subfield>
    <subfield code="w">2016-10-31</subfield>
    <subfield code="y">VEM</subfield>
  </datafield>
  <datafield tag="952" ind1=" " ind2=" ">
    <subfield code="0">0</subfield>
    <subfield code="1">0</subfield>
    <subfield code="2">ddc</subfield>
    <subfield code="4">0</subfield>
    <subfield code="6">VEM_TUO_2015_000000000000000_B525_OR_4</subfield>
    <subfield code="7">0</subfield>
    <subfield code="9">54904</subfield>
    <subfield code="a">LBB</subfield>
    <subfield code="b">LBB</subfield>
    <subfield code="c">B525</subfield>
    <subfield code="d">2016-10-31</subfield>
    <subfield code="o">VEM TUO 2015 B525 Or.4</subfield>
    <subfield code="p">A01328</subfield>
    <subfield code="r">2016-10-31</subfield>
    <subfield code="w">2016-10-31</subfield>
    <subfield code="y">VEM</subfield>
  </datafield>
  <datafield tag="952" ind1=" " ind2=" ">
    <subfield code="0">0</subfield>
    <subfield code="1">0</subfield>
    <subfield code="2">ddc</subfield>
    <subfield code="4">0</subfield>
    <subfield code="6">VEM_TUO_2015_000000000000000_B525_OR_5</subfield>
    <subfield code="7">0</subfield>
    <subfield code="9">54905</subfield>
    <subfield code="a">LBB</subfield>
    <subfield code="b">LBB</subfield>
    <subfield code="c">B525</subfield>
    <subfield code="d">2016-10-31</subfield>
    <subfield code="o">VEM TUO 2015 B525 Or.5</subfield>
    <subfield code="p">A01402</subfield>
    <subfield code="r">2016-10-31</subfield>
    <subfield code="w">2016-10-31</subfield>
    <subfield code="y">VEM</subfield>
  </datafield>
  <datafield tag="952" ind1=" " ind2=" ">
    <subfield code="0">0</subfield>
    <subfield code="1">0</subfield>
    <subfield code="2">ddc</subfield>
    <subfield code="4">0</subfield>
    <subfield code="6">VEM_TUO_2015_000000000000000_B525_OR_6</subfield>
    <subfield code="7">0</subfield>
    <subfield code="9">54906</subfield>
    <subfield code="a">LBB</subfield>
    <subfield code="b">LBB</subfield>
    <subfield code="c">B525</subfield>
    <subfield code="d">2016-10-31</subfield>
    <subfield code="o">VEM TUO 2015 B525 Or.6</subfield>
    <subfield code="p">A01379</subfield>
    <subfield code="r">2016-10-31</subfield>
    <subfield code="w">2016-10-31</subfield>
    <subfield code="y">VEM</subfield>
  </datafield>
  <datafield tag="952" ind1=" " ind2=" ">
    <subfield code="0">0</subfield>
    <subfield code="1">0</subfield>
    <subfield code="2">ddc</subfield>
    <subfield code="4">0</subfield>
    <subfield code="6">VEM_TUO_2015_000000000000000_B525_OR_7</subfield>
    <subfield code="7">0</subfield>
    <subfield code="9">54907</subfield>
    <subfield code="a">LBB</subfield>
    <subfield code="b">LBB</subfield>
    <subfield code="c">B525</subfield>
    <subfield code="d">2016-10-31</subfield>
    <subfield code="o">VEM TUO 2015 B525 Or.7</subfield>
    <subfield code="p">A01867</subfield>
    <subfield code="r">2016-10-31</subfield>
    <subfield code="w">2016-10-31</subfield>
    <subfield code="y">VEM</subfield>
  </datafield>
  <datafield tag="952" ind1=" " ind2=" ">
    <subfield code="0">0</subfield>
    <subfield code="1">0</subfield>
    <subfield code="2">ddc</subfield>
    <subfield code="4">0</subfield>
    <subfield code="6">VEM_TUO_2015_000000000000000_B525_OR_8</subfield>
    <subfield code="7">0</subfield>
    <subfield code="9">54908</subfield>
    <subfield code="a">LBB</subfield>
    <subfield code="b">LBB</subfield>
    <subfield code="c">B525</subfield>
    <subfield code="d">2016-10-31</subfield>
    <subfield code="o">VEM TUO 2015 B525 Or.8</subfield>
    <subfield code="p">A01187</subfield>
    <subfield code="r">2016-10-31</subfield>
    <subfield code="w">2016-10-31</subfield>
    <subfield code="y">VEM</subfield>
  </datafield>
  <datafield tag="952" ind1=" " ind2=" ">
    <subfield code="0">0</subfield>
    <subfield code="1">0</subfield>
    <subfield code="2">ddc</subfield>
    <subfield code="4">0</subfield>
    <subfield code="6">VEM_TUO_2015_000000000000000_B692_OR_1</subfield>
    <subfield code="7">0</subfield>
    <subfield code="9">87445</subfield>
    <subfield code="a">LBB</subfield>
    <subfield code="b">LBB</subfield>
    <subfield code="c">B692</subfield>
    <subfield code="d">2021-11-12</subfield>
    <subfield code="l">2</subfield>
    <subfield code="o">VEM TUO 2015 B692 Or.1</subfield>
    <subfield code="p">A066797</subfield>
    <subfield code="r">2026-02-04</subfield>
    <subfield code="s">2026-01-09</subfield>
    <subfield code="w">2021-11-12</subfield>
    <subfield code="y">VEM</subfield>
  </datafield>
  <datafield tag="952" ind1=" " ind2=" ">
    <subfield code="0">0</subfield>
    <subfield code="1">0</subfield>
    <subfield code="2">ddc</subfield>
    <subfield code="4">0</subfield>
    <subfield code="6">VEM_TUO_2015_000000000000000_B692_OR_1</subfield>
    <subfield code="7">0</subfield>
    <subfield code="9">87446</subfield>
    <subfield code="a">LBB</subfield>
    <subfield code="b">LBB</subfield>
    <subfield code="c">B692</subfield>
    <subfield code="d">2021-11-12</subfield>
    <subfield code="l">1</subfield>
    <subfield code="o">VEM TUO 2015 B692 Or.1</subfield>
    <subfield code="p">A066853</subfield>
    <subfield code="r">2025-06-09</subfield>
    <subfield code="s">2025-06-09</subfield>
    <subfield code="w">2021-11-12</subfield>
    <subfield code="y">VEM</subfield>
  </datafield>
</record>
